[Event "Wch U10 Girls"]
[Site "Batumi"]
[Date "2016.10.29"]
[Round "10.11"]
[White "Menon, Gauri"]
[Black "Ebrahimi, Fatemeh"]
[Result "1-0"]
[WhiteElo "1622"]
[BlackElo "1306"]
[PlyCount "61"]
[EventDate "2016.10.19"]
[EventType "swiss"]
[EventRounds "11"]
[EventCountry "GEO"]
[SourceTitle "EXT 2018"]
[Source "ChessBase"]
[SourceDate "2017.10.13"]
[SourceVersion "1"]
[SourceVersionDate "2017.10.13"]
[SourceQuality "1"]

1. e4 c5 2. d4 cxd4 3. c3 Nf6 4. e5 Nd5 5. Nf3 Nc6 6. Bc4 Nb6 7. Bb3 d5 8. exd6 e6 9. Bf4 Bxd6 10. Bxd6 Qxd6 11. Na3 Qd8 12. Nb5 a6 13. Nbxd4 Nxd4 14. Nxd4 Bd7 15. 0-0 0-0 16. Qh5 Qf6 17. f4 Qg6 18. Qa5 Nc8 19. Qc7 Bc6 20. Nxc6 bxc6 21. Qxc6 Ne7 22. Qc5 Nf5 23. Rf3 Rac8 24. Qf2 h6 25. Bc2 Qf6 26. Bd3 a5 27. Rf1 Nh4 28. Rh3 Nf5 29. Qe2 Rb8 30. Kh1 Nd6 31. Rh5 1-0

[Event "Wch U10 Girls"]
[Site "Batumi"]
[Date "2016.10.21"]
[Round "3"]
[White "Ebrahimi, Fatemeh"]
[Black "Sevcikova, Lucia"]
[Result "1-0"]
[WhiteElo "1306"]
[BlackElo "1449"]
[PlyCount "47"]
[EventDate "2016.10.19"]
[EventType "swiss"]
[EventRounds "11"]
[EventCountry "GEO"]
[SourceTitle "EXT 2018"]
[Source "ChessBase"]
[SourceDate "2017.10.13"]
[SourceVersion "1"]
[SourceVersionDate "2017.10.13"]
[SourceQuality "1"]

1. e4 e5 2. Nf3 Nc6 3. Nc3 Bc5 4. Nxe5 Bxf2+ 5. Kxf2 Nxe5 6. Kg1 d6 7. d4 Ng6 8. Bc4 Be6 9. Bd3 Nf6 10. h3 0-0 11. Kh2 Re8 12. Rf1 h6 13. Bd2 c6 14. Qe2 Rb8 15. Rad1 Bd7 16. Qf2 b5 17. Bxh6 gxh6 18. Qxf6 Qxf6 19. Rxf6 Re6 20. Rxe6 Bxe6 21. a3 b4 22. axb4 Rxb4 23. d5 Bd7 24. b3 1-0